000 01081 am a2200253 a 4500
005 20240627104645.0
008 100924s1993||||mx # f |||| 001 0 spa d
020 _a9683900348
041 _aspa
092 _c371.172
_l16
_sDIA
100 1 _aDíaz Barriga, Ángel.
_91516
245 _aTarea docente.
_bUna perspectiva didáctica grupal y psicosocial /
_cÁngel Díaz Barriga.
250 _a1a ed.
260 _aMéxico:
_bNueva imagen ; Universidad Nacional Autónoma de México;
_c1993.
300 _a118 p.
500 _aDíaz Barriga, A. (1993). Tarea docente. Una perspectiva didáctica grupal y psicosocial. (1a ed.). México : Nueva imagen ; Universidad Nacional Autónoma de México.
653 _aInserción y evolución del pensamiento grupal en México
653 _aProfesor: la tensión de su tarea educativa derivada de la coordinación de grupos
653 _aRelación educativa
653 _aProcesos de frustración en la tarea docente
653 _aProcesos académicos y la gestión escolar. Puntos de tensión
930 _a205
942 _2ddc
_cBK
999 _c762
_d762